|
|
|
|
| LEADER |
00000nab a2200000 a 4500 |
| 001 |
vtls010706803 |
| 003 |
SK-MaSNL |
| 005 |
20260304190259.0 |
| 008 |
250709s1924 xo |||||||||||||||||slo| |
| 035 |
|
|
|a (urnnbn)urn:nbn:sk:snk:ar-a041i6
|
| 035 |
|
|
|a (uuid)b000a995-7abd-4499-be21-85c512c767e4
|
| 035 |
|
|
|a urn:nbn:sk:snk-ab3b1b
|
| 040 |
|
|
|a SNKBUCL
|b slo
|c SNKBUCL
|e AACR2
|
| 041 |
0 |
|
|a slo
|
| 044 |
|
|
|a xo
|c SK
|
| 100 |
1 |
|
|a Kubálek, Jozef
|4 aut
|9 531264
|
| 245 |
1 |
0 |
|a Vyučování ve třídě elementární
|c Jozef Kubálek, L. V.
|
| 700 |
1 |
|
|a L. V.
|4 aut
|9 792590
|
| 773 |
0 |
|
|t Národná škola slovenská : orgán Slovenskej obce učiteľskej
|g Roč. 2, č. 8-9 (1924), s. 260-261
|
| 850 |
|
|
|a Slovenská národná knižnica
|
| 852 |
|
|
|a Slovenská národná knižnica
|
| 954 |
|
|
|a odborná, vedecká literatúra pôvodná (slovenská)
|2 lita
|
| 958 |
|
|
|a article1
|
| 958 |
|
|
|a OND
|
| 958 |
|
|
|a EUIPO
|
| 999 |
|
|
|c 3049708
|d 3051638
|